El Apocalipsis como visión de la historia occidental /
Na minha lista:
| Autor principal: | |
|---|---|
| Formato: | Texto |
| Assuntos: | |
| Tags: |
Adicionar Tag
Sem tags, seja o primeiro a adicionar uma tag!
|
MARC
| LEADER | 00000 a a2200000 04500 | ||
|---|---|---|---|
| 001 | 11794 | ||
| 003 | |||
| 040 | |||
| 100 | |a Hinkelammert, Franz J. | ||
| 245 | |a El Apocalipsis como visión de la historia occidental / |c Franz J. Hinkelammert | ||
| 650 | |a TEOLOGIA | ||
| 650 | |a CRISTIANISMO | ||
| 650 | |a HISTORIA SOCIAL | ||
| 773 | |g número 111; páginas 3-12 | ||
| 999 | |c 23465 |d 23465 | ||
